[Event "Bundesliga 2022-23"]
[Site "Weyhe GER"]
[Date "2022.10.22"]
[Round "1.7"]
[Board "8"]
[White "Zaja, Ivan"]
[Black "Naumann, Alexander"]
[Result "1/2-1/2"]
[WhiteTitle "GM"]
[BlackTitle "GM"]
[WhiteElo "2417"]
[BlackElo "2513"]
[WhiteTeam "SK Kirchweyhe"]
[BlackTeam "SG Solingen"]
[WhiteFideId "14500450"]
[BlackFideId "4623169"]
[EventDate "2022.10.22"]

1. d4 Nf6 2. c4 g6 3. Nc3 d5 4. cxd5 Nxd5 5. Bd2 Bg7 6. e4 Nxc3 7. Bxc3 O-O 8.
Qd2 e6 9. Nf3 b6 10. Bc4 Bb7 11. Qf4 Nd7 12. O-O Nf6 13. Rfe1 Nh5 14. Qd2 Nf6
15. Qf4 Nh5 16. Qd2 Nf6 17. Qc2 Qe7 18. b4 Rfd8 19. a4 a6 20. Rab1 Rac8 21. a5
Nd7 22. Qe2 b5 23. Ba2 e5 24. d5 1/2-1/2

[Event "Bundesliga 2022-23"]
[Site "Weyhe GER"]
[Date "2022.10.22"]
[Round "1.8"]
[Board "1"]
[White "Navara, David"]
[Black "McShane, Luke J"]
[Result "1-0"]
[WhiteTitle "GM"]
[BlackTitle "GM"]
[WhiteElo "2676"]
[BlackElo "2653"]
[WhiteTeam "SV Muelheim Nord"]
[BlackTeam "SV Werder Bremen"]
[WhiteFideId "309095"]
[BlackFideId "404853"]
[EventDate "2022.10.22"]

1. d4 Nf6 2. c4 e6 3. Nf3 Bb4+ 4. Bd2 Qe7 5. g3 Nc6 6. Bg2 Bxd2+ 7. Nbxd2 d6 8.
Nb1 e5 9. Nc3 Bg4 10. d5 Nb8 11. Qb3 Bc8 12. O-O O-O 13. Nd2 a5 14. Qc2 Na6 15.
a3 Bd7 16. Rab1 Nc5 17. b4 axb4 18. axb4 Na4 19. Nxa4 Rxa4 20. b5 Rfa8 21. b6
Bg4 22. e4 h5 23. h3 Bc8 24. c5 dxc5 25. Nc4 Rb4 26. Rxb4 cxb4 27. Qb2 c5 28.
Ra1 Rxa1+ 29. Qxa1 Nd7 30. h4 g5 31. Qa8 Qd8 32. hxg5 b3 33. Bf1 Nxb6 34. Nxb6
b2 35. Nxc8 1-0

[Event "Bundesliga 2022-23"]
[Site "Weyhe GER"]
[Date "2022.10.22"]
[Round "1.8"]
[Board "2"]
[White "Fressinet, Laurent"]
[Black "Nguyen, Thai Dai Van"]
[Result "1/2-1/2"]
[WhiteTitle "GM"]
[BlackTitle "GM"]
[WhiteElo "2622"]
[BlackElo "2634"]
[WhiteTeam "SV Werder Bremen"]
[BlackTeam "SV Muelheim Nord"]
[WhiteFideId "608742"]
[BlackFideId "358878"]
[EventDate "2022.10.22"]

1. d4 Nf6 2. c4 e6 3. Nf3 d5 4. Nc3 Be7 5. Bf4 O-O 6. e3 Nbd7 7. Be2 dxc4 8. O-O
Nb6 9. a4 a5 10. e4 Bb4 11. Qc2 h6 12. Rfd1 Qe7 13. Ne5 Bd6 14. Be3 c5 15. Nb5
cxd4 16. Bxd4 Bc5 17. Nxc4 Nxc4 18. Qxc4 Bxd4 19. Qxd4 Bd7 20. Qd6 Qxd6 21. Nxd6
Bc6 22. f3 Rfd8 23. Bb5 Bxb5 24. axb5 Rd7 25. Nc4 a4 26. Kf1 Rxd1+ 27. Rxd1 Rc8
28. Rd4 Nd7 29. Ne3 Nb6 30. Rd6 1/2-1/2

[Event "Bundesliga 2022-23"]
[Site "Weyhe GER"]
[Date "2022.10.22"]
[Round "1.8"]
[Board "3"]
[White "Fridman, Daniel"]
[Black "Efimenko, Zahar"]
[Result "1/2-1/2"]
[WhiteTitle "GM"]
[BlackTitle "GM"]
[WhiteElo "2603"]
[BlackElo "2599"]
[WhiteTeam "SV Muelheim Nord"]
[BlackTeam "SV Werder Bremen"]
[WhiteFideId "11600454"]
[BlackFideId "14107201"]
[EventDate "2022.10.22"]

1. Nf3 Nf6 2. g3 g6 3. Bg2 Bg7 4. d4 O-O 5. c4 d6 6. Nc3 c5 7. dxc5 dxc5 8. Qxd8
Rxd8 9. Be3 Nc6 10. Bxc5 Be6 11. Rc1 Bxc4 12. Nd2 Bd5 13. Nxd5 Nxd5 14. Nc4 Rac8
15. O-O Ncb4 16. Bxa7 Nxa2 17. Rcd1 b5 18. Na3 Bxb2 19. Nxb5 Ndc3 20. Nxc3 Nxc3
21. Rxd8+ Rxd8 22. Re1 1/2-1/2

[Event "Bundesliga 2022-23"]
[Site "Weyhe GER"]
[Date "2022.10.22"]
[Round "1.8"]
[Board "4"]
[White "Van Foreest, Lucas"]
[Black "Dardha, Daniel"]
[Result "1/2-1/2"]
[WhiteTitle "GM"]
[BlackTitle "GM"]
[WhiteElo "2568"]
[BlackElo "2610"]
[WhiteTeam "SV Werder Bremen"]
[BlackTeam "SV Muelheim Nord"]
[WhiteFideId "1039792"]
[BlackFideId "240990"]
[EventDate "2022.10.22"]

1. d4 Nf6 2. c4 e6 3. Nc3 Bb4 4. Qc2 O-O 5. e4 d5 6. e5 Ne4 7. Bd3 c5 8. Nf3
cxd4 9. Nxd4 Nd7 10. Bf4 Qh4 11. g3 Qh5 12. O-O g5 13. cxd5 Bxc3 14. bxc3 exd5
15. Be3 Nxe5 16. f3 Nc5 17. Bf5 f6 18. h4 g4 19. fxg4 Nxg4 20. Qd1 Kh8 21. Ne6
Bxe6 22. Qxg4 Qxg4 23. Bxg4 Bxg4 24. Bxc5 Rf7 25. Bd4 Kg8 26. Rxf6 Rxf6 27. Bxf6
Rf8 28. Rf1 a6 29. Bd4 Rxf1+ 30. Kxf1 h5 1/2-1/2

[Event "Bundesliga 2022-23"]
[Site "Weyhe GER"]
[Date "2022.10.22"]
[Round "1.8"]
[Board "5"]
[White "Buckels, Valentin"]
[Black "Edouard, Romain"]
[Result "1/2-1/2"]
[WhiteTitle "IM"]
[BlackTitle "GM"]
[WhiteElo "2456"]
[BlackElo "2554"]
[WhiteTeam "SV Muelheim Nord"]
[BlackTeam "SV Werder Bremen"]
[WhiteFideId "12942766"]
[BlackFideId "633429"]
[EventDate "2022.10.22"]

1. d4 Nf6 2. Nf3 e6 3. Bf4 d5 4. e3 Bd6 5. Ne5 O-O 6. Nd2 c5 7. c3 Nc6 8. Bd3
Qc7 9. Ndf3 h6 10. Bg3 Ne4 11. Nxc6 bxc6 12. Bxd6 Qxd6 13. Qa4 Rb8 14. O-O cxd4
15. cxd4 Rxb2 16. Bxe4 dxe4 17. Ne5 Rb5 18. Rfc1 Bb7 19. Qc2 Rc8 20. a4 Rd5 21.
Rab1 Qe7 22. Rb3 c5 23. Rc3 Qf8 24. h3 cxd4 25. Rxc8 Bxc8 26. Qxc8 Rxe5 27. exd4
Rd5 28. Qb7 Rxd4 29. Rc8 Rd8 30. Rxd8 Qxd8 31. Qxa7 f5 32. a5 Qd1+ 33. Kh2 Qd6+
34. Kg1 Kh7 35. a6 Qd1+ 36. Kh2 Qd6+ 37. Kg1 Qd1+ 1/2-1/2

[Event "Bundesliga 2022-23"]
[Site "Weyhe GER"]
[Date "2022.10.22"]
[Round "1.8"]
[Board "6"]
[White "Hracek, Zbynek"]
[Black "Hausrath, Daniel"]
[Result "1-0"]
[WhiteTitle "GM"]
[BlackTitle "GM"]
[WhiteElo "2542"]
[BlackElo "2465"]
[WhiteTeam "SV Werder Bremen"]
[BlackTeam "SV Muelheim Nord"]
[WhiteFideId "300071"]
[BlackFideId "4617495"]
[EventDate "2022.10.22"]

1. e4 c5 2. Nf3 Nc6 3. d4 cxd4 4. Nxd4 g6 5. c4 Nf6 6. Nc3 d6 7. Be2 Nxd4 8.
Qxd4 Bg7 9. Be3 O-O 10. Qd3 Be6 11. Bd4 Qa5 12. O-O Rfc8 13. b3 Nd7 14. Bxg7
Kxg7 15. f4 Nf6 16. Kh1 a6 17. f5 Bd7 18. fxg6 hxg6 19. Nd5 Bc6 20. Nxe7 Bxe4
21. Qxd6 Qg5 22. Qxf6+ Qxf6 23. Rxf6 Re8 24. Rd6 Rxe7 25. Bf1 a5 26. Kg1 Bc6 27.
Rad1 Rh8 28. a3 Rh5 29. b4 Rg5 30. g3 axb4 31. axb4 Rf5 32. b5 Bf3 33. Rd7 Ree5
34. Rc1 g5 35. h3 Be4 36. Rc3 Bf3 37. Rd2 g4 38. hxg4 Bxg4 39. Rf2 Rg5 40. Bg2
Re1+ 41. Rf1 Re7 42. c5 b6 43. Rb1 Rxc5 44. Rxc5 bxc5 45. b6 Bc8 46. b7 Bxb7 47.
Rxb7 Re5 48. Rd7 Kg6 49. Kf2 Re8 50. Bd5 Rf8 51. Rc7 1-0

[Event "Bundesliga 2022-23"]
[Site "Weyhe GER"]
[Date "2022.10.22"]
[Round "1.8"]
[Board "7"]
[White "Feygin, Michael"]
[Black "Babula, Vlastimil"]
[Result "1/2-1/2"]
[WhiteTitle "GM"]
[BlackTitle "GM"]
[WhiteElo "2454"]
[BlackElo "2574"]
[WhiteTeam "SV Muelheim Nord"]
[BlackTeam "SV Werder Bremen"]
[WhiteFideId "14103109"]
[BlackFideId "301264"]
[EventDate "2022.10.22"]

1. e4 c5 2. c3 Nf6 3. e5 Nd5 4. Nf3 Nc6 5. Bc4 Nb6 6. Bb3 d5 7. exd6 Qxd6 8. O-O
Be6 9. Bxe6 Qxe6 10. a4 Qd7 11. a5 Nc4 12. a6 e6 13. axb7 Qxb7 14. d4 Nb6 15.
Be3 Be7 16. dxc5 Nd5 17. b4 a5 18. Qa4 Nc7 19. b5 Qxb5 20. Nd4 Qxa4 21. Rxa4 Ra6
22. Nxc6 Rxc6 23. Rxa5 Ra6 24. Rxa6 Nxa6 25. Nd2 Nxc5 26. Ra1 O-O 27. Ra7 Bd6
28. Kf1 Rc8 29. Ke2 Kf8 30. h3 Ke8 31. Nc4 Be7 32. Nb6 Rc6 33. Ra8+ 1/2-1/2

[Event "Bundesliga 2022-23"]
[Site "Kiel GER"]
[Date "2022.10.23"]
[Round "2.1"]
[Board "1"]
[White "Grandelius, Nils"]
[Black "Vitiugov, Nikita"]
[Result "1/2-1/2"]
[WhiteTitle "GM"]
[BlackTitle "GM"]
[WhiteElo "2651"]
[BlackElo "2722"]
[WhiteTeam "Hamburger SK"]
[BlackTeam "OSG Baden-Baden"]
[WhiteFideId "1710400"]
[BlackFideId "4152956"]
[EventDate "2022.10.22"]

1. d4 Nf6 2. Nf3 d5 3. c4 e6 4. Nc3 c6 5. Qd3 dxc4 6. Qxc4 b5 7. Qd3 Bb7 8. e4
b4 9. Na4 Qa5 10. b3 c5 11. e5 Nfd7 12. dxc5 Nxc5 13. Qb5+ Qxb5 14. Bxb5+ Ncd7
15. Bf4 a6 16. Bd3 Nc5 17. Nxc5 Bxc5 18. Rc1 Nd7 19. Ke2 h6 20. h4 Ke7 1/2-1/2

[Event "Bundesliga 2022-23"]
[Site "Kiel GER"]
[Date "2022.10.23"]
[Round "2.1"]
[Board "2"]
[White "Keymer, Vincent"]
[Black "Svane, Rasmus"]
[Result "1/2-1/2"]
[WhiteTitle "GM"]
[BlackTitle "GM"]
[WhiteElo "2700"]
[BlackElo "2615"]
[WhiteTeam "OSG Baden-Baden"]
[BlackTeam "Hamburger SK"]
[WhiteFideId "12940690"]
[BlackFideId "4657101"]
[EventDate "2022.10.22"]

1. d4 Nf6 2. c4 e6 3. Nf3 d5 4. cxd5 exd5 5. Nc3 c6 6. Bf4 Bf5 7. e3 Nbd7 8. h3
Qb6 9. Bd3 Bxd3 10. Qxd3 Be7 11. O-O O-O 12. Nh4 g6 13. Nf3 Rfe8 14. Qc2 Qd8 15.
Rad1 Nb6 16. Ne5 Nh5 17. Bh2 Bd6 18. Qb3 f6 19. Nd3 Bxh2+ 20. Kxh2 Qc7+ 21. Kg1
Qf7 22. Qb4 Rad8 23. Nc5 Re7 24. Qa5 Ra8 25. b3 Nc8 26. Qa3 Nd6 27. Nd3 Rd7 28.
Rfe1 Ng7 29. e4 Nxe4 30. Nxe4 dxe4 31. Rxe4 Nf5 32. Rde1 b6 33. Nf4 Nd6 34. R4e3
Nb5 35. Qc1 Nxd4 36. Ne6 c5 37. Kh2 Nf5 38. R3e2 Nd4 39. Re4 Nf5 40. Qf4 Nd6 41.
R4e2 Nf5 42. Re4 Nd6 43. R4e2 Nf5 44. Re4 1/2-1/2

[Event "Bundesliga 2022-23"]
[Site "Kiel GER"]
[Date "2022.10.23"]
[Round "2.1"]
[Board "3"]
[White "Kempinski, Robert"]
[Black "Adams, Michael"]
[Result "1/2-1/2"]
[WhiteTitle "GM"]
[BlackTitle "GM"]
[WhiteElo "2541"]
[BlackElo "2689"]
[WhiteTeam "Hamburger SK"]
[BlackTeam "OSG Baden-Baden"]
[WhiteFideId "1105663"]
[BlackFideId "400041"]
[EventDate "2022.10.22"]

1. d4 Nf6 2. c4 e6 3. Nf3 d5 4. Nc3 Nbd7 5. Bg5 h6 6. Bh4 Be7 7. e3 O-O 8. Be2
c5 9. cxd5 Nxd5 10. Bxe7 Nxe7 11. dxc5 Nxc5 12. b4 Qxd1+ 13. Rxd1 Na6 14. a3 Nc7
15. Bc4 Rb8 16. Ke2 b5 17. Bb3 a5 18. Ne5 axb4 19. axb4 Na6 20. Na2 Rb6 21. e4
Nb8 22. Ke3 Nec6 23. Nd3 Na6 24. Rd2 Rd8 25. Rc1 Kf8 26. f4 1/2-1/2

[Event "Bundesliga 2022-23"]
[Site "Kiel GER"]
[Date "2022.10.23"]
[Round "2.2"]
[Board "1"]
[White "Cheparinov, Ivan"]
[Black "Plenca, Julijan"]
[Result "1-0"]
[WhiteTitle "GM"]
[BlackTitle "IM"]
[WhiteElo "2689"]
[BlackElo "2447"]
[WhiteTeam "SK Doppelbauer Turm Kiel"]
[BlackTeam "TSV Schoenaich"]
[WhiteFideId "2905540"]
[BlackFideId "14508044"]
[EventDate "2022.10.22"]

1. e4 e5 2. Nf3 Nc6 3. Bb5 a6 4. Ba4 Nf6 5. O-O b5 6. Bb3 Bc5 7. c3 d6 8. d4 Bb6
9. Be3 O-O 10. Nbd2 h6 11. h3 Rb8 12. Re1 Re8 13. Bc2 Bd7 14. Rc1 Nh7 15. Nf1
Na5 16. b3 c5 17. d5 h5 18. N3d2 g6 19. c4 Qf6 20. Nh2 Bd8 21. Rf1 Qg7 22. f4
exf4 23. Bxf4 Rb6 24. Kh1 Bf6 25. Nhf3 g5 26. e5 dxe5 27. Be3 g4 28. Bxc5 Rbb8
29. Ng1 Bd8 30. Ne4 Nb7 31. Ba7 Ra8 32. Be3 gxh3 33. gxh3 f5 34. Qxh5 Bf6 35.
Ne2 fxe4 36. Rg1 Nd6 37. c5 Nf5 38. Bxe4 1-0

[Event "Bundesliga 2022-23"]
[Site "Kiel GER"]
[Date "2022.10.23"]
[Round "2.2"]
[Board "3"]
[White "Yuffa, Daniil"]
[Black "Koelle, Tobias"]
[Result "1-0"]
[WhiteTitle "GM"]
[BlackTitle "FM"]
[WhiteElo "2601"]
[BlackElo "2439"]
[WhiteTeam "SK Doppelbauer Turm Kiel"]
[BlackTeam "TSV Schoenaich"]
[WhiteFideId "24131423"]
[BlackFideId "16207378"]
[EventDate "2022.10.22"]

1. d4 d5 2. c4 e6 3. Nf3 a6 4. g3 dxc4 5. Bg2 Nc6 6. O-O Rb8 7. a4 Nf6 8. a5 b5
9. axb6 cxb6 10. Bf4 Bd6 11. Ne5 Ne7 12. Bc6+ Kf8 13. Bg2 b5 14. b3 cxb3 15.
Qxb3 h6 16. Nc3 g6 17. e4 Bb7 18. d5 exd5 19. Nxf7 Kxf7 20. e5 Bc7 21. exf6 Kxf6
22. Ne2 Kf7 23. Rfe1 Kg8 24. Bxc7 Qxc7 25. Rac1 Qd8 26. Nf4 Rh7 27. Bh3 Bc8 28.
Bg2 Bb7 29. Re6 Rg7 30. Rce1 Bc8 31. Rf6 Rb6 32. Nxd5 Rxf6 33. Nxf6+ Kh8 34. Qe3
Ng8 35. Nxg8 Qxg8 36. Qxh6+ Rh7 37. Qg5 Bd7 38. Qf6+ Qg7 39. Qxa6 Qg8 40. Qd6
Rg7 41. Bd5 Qc8 42. Qf6 Bh3 43. Bf7 Qf5 44. Re8+ Kh7 45. Bxg6+ Rxg6 46. Rh8# 1-0

[Event "Bundesliga 2022-23"]
[Site "Kiel GER"]
[Date "2022.10.23"]
[Round "2.2"]
[Board "4"]
[White "Richter, Nils"]
[Black "Dziuba, Marcin"]
[Result "0-1"]
[WhiteTitle "FM"]
[BlackTitle "GM"]
[WhiteElo "2395"]
[BlackElo "2569"]
[WhiteTeam "TSV Schoenaich"]
[BlackTeam "SK Doppelbauer Turm Kiel"]
[WhiteFideId "12990809"]
[BlackFideId "1112953"]
[EventDate "2022.10.22"]

1. c4 e6 2. d4 d5 3. Nf3 Nf6 4. g3 Bb4+ 5. Nbd2 O-O 6. Bg2 b6 7. O-O Bb7 8. a3
Be7 9. cxd5 exd5 10. Nb1 c5 11. Nc3 Nc6 12. Bf4 Ne4 13. dxc5 Nxc3 14. bxc3 Bxc5
15. Nd4 Na5 16. Nb3 Nxb3 17. Qxb3 Qe7 18. Ra2 Rad8 19. Rd1 Ba6 20. Rxd5 Rxd5 21.
Bxd5 Bxe2 22. c4 Bg4 23. Kg2 Qe1 24. Qb2 Re8 25. Ra1 Qe2 26. Ra2 Qd1 27. Qc1
Qxc1 28. Bxc1 Re1 29. Bf4 Kf8 30. a4 a5 31. Rb2 Re2 32. Rxe2 Bxe2 33. Be3 Bxe3
34. fxe3 Ke7 35. Kf2 Bd1 36. Bc6 Kd6 37. Be8 f6 38. Ke1 Bb3 39. Kd2 Kc5 40. Kc3
Bxc4 41. Bh5 b5 42. axb5 Kxb5 43. Be8+ Kc5 44. Ba4 Bb5 45. Bc2 h6 46. Be4 a4 47.
Bc2 a3 48. Bb3 Bc6 0-1

[Event "Bundesliga 2022-23"]
[Site "Kiel GER"]
[Date "2022.10.23"]
[Round "2.2"]
[Board "5"]
[White "Teclaf, Pawel"]
[Black "Vyval, Volodymyr"]
[Result "1-0"]
[WhiteTitle "IM"]
[WhiteElo "2551"]
[BlackElo "2282"]
[WhiteTeam "SK Doppelbauer Turm Kiel"]
[BlackTeam "TSV Schoenaich"]
[WhiteFideId "1185934"]
[BlackFideId "14121530"]
[EventDate "2022.10.22"]

1. e4 c5 2. Nc3 d6 3. Nf3 Nf6 4. d4 cxd4 5. Nxd4 a6 6. Be3 Ng4 7. Bc1 Nf6 8. Be2
e6 9. Be3 Qc7 10. g4 h6 11. f4 e5 12. Nf5 g6 13. Ng3 exf4 14. Bxf4 Be6 15. Qd2
Nc6 16. Rf1 O-O-O 17. Nd5 Bxd5 18. exd5 Ne7 19. Be3 Nfxd5 20. Bd4 Rh7 21. O-O-O
h5 22. g5 f5 23. Bf3 Qc4 24. b3 Qb4 25. c3 Qa5 26. Ne2 Nc6 27. Kb1 Nxd4 28. Qxd4
Nc7 29. Qf6 Rg7 30. Bxb7+ Kxb7 31. Qxd8 Be7 32. Qh8 Qe5 33. Rfe1 Bxg5 34. Nd4
Qf6 35. Ne6 Nxe6 36. Rxe6 Qxe6 37. Qxg7+ Be7 38. Qd4 g5 39. Qd5+ Qxd5 40. Rxd5
f4 41. Kc2 Kc6 42. Ra5 Bd8 43. Rf5 Kd7 44. Kd3 Ke6 45. Ke4 Bf6 46. c4 g4 47.
Kxf4 Be5+ 48. Ke4 h4 49. Rh5 h3 50. Rh6+ Kd7 51. Kf5 Bxh2 52. Kxg4 Kc6 53. Rxh3
Be5 54. Rd3 Kc5 55. Rd5+ 1-0

[Event "Bundesliga 2022-23"]
[Site "Kiel GER"]
[Date "2022.10.23"]
[Round "2.2"]
[Board "6"]
[White "Plenca, Jadranko"]
[Black "Thybo, Jesper Sondergaard"]
[Result "0-1"]
[WhiteTitle "IM"]
[BlackTitle "GM"]
[WhiteElo "2412"]
[BlackElo "2498"]
[WhiteTeam "TSV Schoenaich"]
[BlackTeam "SK Doppelbauer Turm Kiel"]
[WhiteFideId "14527146"]
[BlackFideId "1438832"]
[EventDate "2022.10.22"]

1. e4 c5 2. Nf3 Nc6 3. Bb5 g6 4. Bxc6 dxc6 5. d3 Bg7 6. h3 e5 7. Be3 b6 8. Nbd2
Qc7 9. a3 f5 10. exf5 gxf5 11. Qe2 Ne7 12. Bg5 Ng6 13. Nh4 Nxh4 14. Bxh4 O-O 15.
O-O-O Be6 16. g4 c4 17. dxc4 e4 18. gxf5 Bxf5 19. Rhg1 Bg6 20. Qe3 b5 21. Bg5
Qe5 22. c3 b4 23. axb4 a5 24. bxa5 Qxa5 25. Bh6 Qa1+ 26. Kc2 Qa4+ 27. Kc1 Rfb8
28. Nb1 Rxb2 29. Kxb2 Qa2+ 30. Kc1 Rb8 31. Rd8+ Rxd8 32. Rxg6 hxg6 33. Bxg7 Kxg7
34. Qxe4 Rd7 35. Qxc6 Re7 0-1

[Event "Bundesliga 2022-23"]
[Site "Kiel GER"]
[Date "2022.10.23"]
[Round "2.2"]
[Board "7"]
[White "Parvanyan, Ashot"]
[Black "Reck, Moritz"]
[Result "1-0"]
[WhiteTitle "IM"]
[WhiteElo "2439"]
[BlackElo "2161"]
[WhiteTeam "SK Doppelbauer Turm Kiel"]
[BlackTeam "TSV Schoenaich"]
[WhiteFideId "13307550"]
[BlackFideId "24647748"]
[EventDate "2022.10.22"]

1. Nf3 f5 2. d3 Nc6 3. d4 e6 4. g3 Nf6 5. Bg2 g6 6. O-O Bg7 7. c4 O-O 8. d5 Ne7
9. dxe6 dxe6 10. Qb3 Nc6 11. Nc3 h6 12. Be3 Qe7 13. Rad1 Kh7 14. Na4 Qf7 15. Nd4
Nd8 16. Nb5 a6 17. Nxc7 Qxc7 18. Bb6 Qe7 19. Bc5 Qe8 20. Nb6 Rb8 21. Bd6 Nc6 22.
Bxc6 bxc6 23. Bxb8 Bb7 24. Be5 c5 25. Nd7 1-0

[Event "Bundesliga 2022-23"]
[Site "Kiel GER"]
[Date "2022.10.23"]
[Round "2.2"]
[Board "8"]
[White "Kuebler, Marcus"]
[Black "Pajeken, Jakob Leon"]
[Result "0-1"]
[BlackTitle "IM"]
[WhiteElo "1948"]
[BlackElo "2461"]
[WhiteTeam "TSV Schoenaich"]
[BlackTeam "SK Doppelbauer Turm Kiel"]
[WhiteFideId "4690583"]
[BlackFideId "12942839"]
[EventDate "2022.10.22"]

1. Nf3 d5 2. c4 d4 3. e3 Nc6 4. exd4 Nxd4 5. Nxd4 Qxd4 6. Nc3 c6 7. d3 g6 8. Be3
Qd8 9. d4 Bg7 10. Qd2 Nf6 11. h3 O-O 12. Be2 b6 13. Bf3 Ba6 14. b3 Rc8 15. Rc1
b5 16. cxb5 cxb5 17. b4 Qd7 18. O-O Rfd8 19. Rfd1 Rc4 20. a3 Bb7 21. d5 a6 22.
Bb6 Rdc8 23. Bc5 e5 24. Be2 Rh4 25. Qg5 Rf4 26. Be3 Rxc3 27. Bxf4 exf4 28. Qxf4
Rxc1 29. Rxc1 Nxd5 30. Qb8+ Bf8 31. Bf3 Bc6 32. Rd1 Qe6 33. Qd8 Nf4 34. Bxc6
Qxc6 35. Qg5 Ne6 36. Qe5 Be7 37. Qe3 Bg5 38. Qg3 Bf4 39. Qd3 Kg7 40. g3 Be5 41.
Qe3 Bf6 42. h4 h5 43. Rd3 Qc7 44. Qf3 Nd4 45. Qd5 Qc4 46. Qe4 Qc1+ 47. Kg2 Qa1
48. Re3 Qb2 49. Qa8 Qa2 50. Re8 Qxa3 51. Qe4 Qc3 52. Kh2 0-1

[Event "Bundesliga 2022-23"]
[Site "Munich GER"]
[Date "2022.10.23"]
[Round "2.3"]
[Board "1"]
[White "Maghsoodloo, Parham"]
[Black "Nisipeanu, Liviu-Dieter"]
[Result "1-0"]
[WhiteTitle "GM"]
[BlackTitle "GM"]
[WhiteElo "2721"]
[BlackElo "2615"]
[WhiteTeam "FC Bayern Muenchen"]
[BlackTeam "USV TU Dresden"]
[WhiteFideId "12539929"]
[BlackFideId "1202758"]
[EventDate "2022.10.22"]

1. d4 Nf6 2. c4 e6 3. Nf3 d5 4. g3 Be7 5. Bg2 O-O 6. O-O dxc4 7. Qc2 c5 8. dxc5
Nc6 9. Rd1 Nb4 10. Qa4 Nfd5 11. Ne5 Qc7 12. a3 Qxe5 13. axb4 a5 14. Nc3 Nxb4 15.
Ne4 f5 16. Nd6 Qxc5 17. Be3 Qc7 18. Nxc8 Qxc8 19. Rd7 b5 20. Qxb5 Rb8 21. Bb7
Qe8 22. Rxa5 Nd5 23. Ba7 Rd8 24. Bc6 Qf7 25. Qxc4 1-0

[Event "Bundesliga 2022-23"]
[Site "Munich GER"]
[Date "2022.10.23"]
[Round "2.3"]
[Board "2"]
[White "Bartel, Mateusz"]
[Black "Santos Latasa, Jaime"]
[Result "1/2-1/2"]
[WhiteTitle "GM"]
[BlackTitle "GM"]
[WhiteElo "2630"]
[BlackElo "2677"]
[WhiteTeam "USV TU Dresden"]
[BlackTeam "FC Bayern Muenchen"]
[WhiteFideId "1112635"]
[BlackFideId "2293307"]
[EventDate "2022.10.22"]

1. e4 e5 2. Nf3 Nc6 3. Bb5 a6 4. Ba4 Nf6 5. O-O b5 6. Bb3 Bc5 7. c3 d6 8. d3 h6
9. h3 O-O 10. Nbd2 Bb6 11. Re1 Ne7 12. a4 Rb8 13. d4 Ng6 14. a5 Ba7 15. Nf1 c5
16. Ng3 Qc7 17. Bd2 Re8 18. Qc1 Kh7 19. Bc2 Bd7 20. b4 cxd4 21. cxd4 Rbc8 22.
Bb3 Kg8 23. Bxh6 Qxc1 24. Bxc1 exd4 25. Bb2 Ne5 26. Rad1 Nxf3+ 27. gxf3 Bxh3 28.
Bxd4 Bxd4 29. Rxd4 Be6 30. Bxe6 Rxe6 31. Red1 Ne8 32. Nf5 g6 33. Nxd6 Nxd6 34.
Rxd6 Rxd6 35. Rxd6 Rc4 36. Rxa6 Rxb4 37. Rb6 Rb1+ 38. Kg2 b4 39. f4 Ra1 40. Rxb4
Rxa5 41. Kg3 Kg7 42. Rb7 Ra2 43. e5 Re2 44. Rb5 Re1 45. Kf3 Ra1 46. f5 gxf5 47.
Kf4 f6 48. e6 Kg6 49. Rb3 Ra4+ 50. Kf3 Kg7 51. Rb7+ Kg6 52. Rb3 1/2-1/2

[Event "Bundesliga 2022-23"]
[Site "Munich GER"]
[Date "2022.10.23"]
[Round "2.3"]
[Board "3"]
[White "Tabatabaei, M. Amin"]
[Black "Michalik, Peter"]
[Result "0-1"]
[WhiteTitle "GM"]
[BlackTitle "GM"]
[WhiteElo "2657"]
[BlackElo "2558"]
[WhiteTeam "FC Bayern Muenchen"]
[BlackTeam "USV TU Dresden"]
[WhiteFideId "12521213"]
[BlackFideId "14907526"]
[EventDate "2022.10.22"]

1. e4 e5 2. Nf3 Nc6 3. Bc4 Bc5 4. O-O Nf6 5. d3 O-O 6. h3 d6 7. c3 a5 8. Re1 Ba7
9. Nbd2 Ne7 10. Nf1 Ng6 11. Ng3 c6 12. Bb3 d5 13. Bg5 h6 14. Bxf6 Qxf6 15. exd5
a4 16. Bxa4 cxd5 17. Bb3 Rd8 18. d4 e4 19. Nh2 Bb8 20. Ng4 Qg5 21. Kh1 Nf4 22.
Bc2 Ra6 23. c4 h5 24. Ne3 h4 25. Nxe4 dxe4 26. Bxe4 Re6 27. Qf3 Rf6 28. Ng4 Bxg4
29. Qxg4 Qxg4 30. hxg4 Rxd4 31. Rad1 Ba7 32. Rxd4 Bxd4 33. Rd1 Ne6 34. f3 Bxb2
35. Rb1 Bd4 36. Rxb7 g5 37. Rd7 Bf2 38. Rd5 Kf8 39. Rf5 Rxf5 40. gxf5 Nf4 41. a4
Bb6 42. Kh2 Ke7 43. g3 hxg3+ 44. Kxg3 f6 45. Kg4 Kd6 46. Bb7 Kc5 47. Ba6 Kb4 48.
Bb5 Bf2 49. Bd7 Kxc4 50. a5 Kb4 51. a6 Ka5 52. Bc8 Kb6 53. Bb7 Bd4 54. Bc8 Be5
55. Bb7 Nd3 56. Kh5 Nc5 57. Bd5 Nxa6 0-1

[Event "Bundesliga 2022-23"]
[Site "Munich GER"]
[Date "2022.10.23"]
[Round "2.3"]
[Board "5"]
[White "Dragnev, Valentin"]
[Black "Maiwald, Jens-Uwe"]
[Result "1-0"]
[WhiteTitle "GM"]
[BlackTitle "GM"]
[WhiteElo "2544"]
[BlackElo "2441"]
[WhiteTeam "FC Bayern Muenchen"]
[BlackTeam "USV TU Dresden"]
[WhiteFideId "1634852"]
[BlackFideId "4612396"]
[EventDate "2022.10.22"]

1. d4 Nf6 2. c4 g6 3. Nc3 Bg7 4. e4 d6 5. Be2 O-O 6. Nf3 c5 7. O-O Nc6 8. d5 Na5
9. h3 e6 10. Bg5 h6 11. Be3 Re8 12. Qd2 exd5 13. exd5 Ne4 14. Nxe4 Rxe4 15. Rac1
Kh7 16. Bd3 Re8 17. Rfe1 Bd7 18. h4 b6 19. h5 Qf6 20. Qc2 Nb7 21. Bd2 Rxe1+ 22.
Rxe1 Re8 23. Bc3 Rxe1+ 24. Nxe1 Qg5 25. hxg6+ fxg6 26. Nf3 Qg4 27. Bxg7 Kxg7 28.
Qc3+ Kg8 29. Qf6 Be8 30. b3 a5 31. a4 1-0